=LDR 00000nam 2200000 4500 =001 NUTBA000000000002694 =005 20140625091050.0 =006 =007 =008 =020 ##$$a 978-602-855-134-2 =035 ##$$a 0010-061400000000637 =040 ##$$a NBPDMAT =082 ##$$a 746.662 =090 ##$$a 746.662 $b Fik m =100 ##$$a Fika Hidayani =245 ##$$a Mengenal dan membuat batik / $c Fika Handayani =250 ##$$a Cet.2 =260 ##$$a Jakarta : $b Buana Cipta Pustaka, $c 2009 =300 ##$$a vi, 58 hlm. : $b ilus. ; $c 21 cm. =650 ##$$a Batik =850 ##$$a NBPDMAT =990 ##$$a 21402307